<?xml version="1.0" encoding="UTF-8"?><?xml-stylesheet type="text/xsl" href="static/style.xsl"?><OAI-PMH xmlns="http://www.openarchives.org/OAI/2.0/" xmlns:xsi="http://www.w3.org/2001/XMLSchema-instance" xsi:schemaLocation="http://www.openarchives.org/OAI/2.0/ http://www.openarchives.org/OAI/2.0/OAI-PMH.xsd"><responseDate>2026-04-14T03:06:30Z</responseDate><request verb="GetRecord" identifier="oai:www.recercat.cat:2445/162290" metadataPrefix="marc">https://recercat.cat/oai/request</request><GetRecord><record><header><identifier>oai:recercat.cat:2445/162290</identifier><datestamp>2025-12-05T10:29:27Z</datestamp><setSpec>com_2072_1057</setSpec><setSpec>col_2072_478770</setSpec><setSpec>col_2072_478917</setSpec></header><metadata><record xmlns="http://www.loc.gov/MARC21/slim" xmlns:dcterms="http://purl.org/dc/terms/" xmlns:xsi="http://www.w3.org/2001/XMLSchema-instance" xmlns:doc="http://www.lyncode.com/xoai" xsi:schemaLocation="http://www.loc.gov/MARC21/slim http://www.loc.gov/standards/marcxml/schema/MARC21slim.xsd">
   <leader>00925njm 22002777a 4500</leader>
   <datafield ind2=" " ind1=" " tag="042">
      <subfield code="a">dc</subfield>
   </datafield>
   <datafield ind2=" " ind1=" " tag="720">
      <subfield code="a">Beltran, Oriol</subfield>
      <subfield code="e">author</subfield>
   </datafield>
   <datafield ind2=" " ind1=" " tag="720">
      <subfield code="a">Mascarella i Rovira, Jordi</subfield>
      <subfield code="e">author</subfield>
   </datafield>
   <datafield ind2=" " ind1=" " tag="260">
      <subfield code="c">2020-05-25T13:17:23Z</subfield>
   </datafield>
   <datafield ind2=" " ind1=" " tag="260">
      <subfield code="c">2020-05-25T13:17:23Z</subfield>
   </datafield>
   <datafield ind2=" " ind1=" " tag="260">
      <subfield code="c">2011</subfield>
   </datafield>
   <datafield ind2=" " ind1=" " tag="260">
      <subfield code="c">2020-05-25T13:17:23Z</subfield>
   </datafield>
   <datafield ind2=" " ind1=" " tag="520">
      <subfield code="a">[cat] El Museu Etnogràfic de Ripoll va protagonitzar un canvi de concepció que té una gran transcendència en l'estudi de les formes de vida populars a Catalunya. La tasca dels seus promotors no es limita a recollir tradicions orals per difondre-les en publicacions locals, sinó que materialitza per primer cop l'interès per la museografia etnogràfica, reflectint el trànsit del folklore a l'etnografia. Més enllà d'identificar el valor testimonial i evocatiu que tenen els objectes materials, el museu mostra un esforç per sistematitzar els seus treballs i explora la presentació contextual de les peces a través de recursos expositius innovadors. Si pretén donar continuïtat a aquesta tasca pionera, el nou Museu Etnogràfic també haurà de saber respondre, com van fer els impulsors de l'entitat en el seu moment, a les necessitats i els reptes que ens plantegen uns temps que són, com aquells, convulsos i incerts.</subfield>
   </datafield>
   <datafield ind2=" " ind1=" " tag="520">
      <subfield code="a">[eng] The Ethnographic Museum of Ripoll conducted a conceptual change that had great transcendence in the study of the traditional ways of life in Catalonia. Its managers did not limit themselves to gather oral traditions in order to publish them in local outlets. They promoted ethnographic museology materializing the transition from folklore to ethnography. The Museum went beyond identifying the specific value of material objects, it systematized its collections and explored contextual exhibition of the pieces through innovative resources. To achieve continuity in its pioneering task, the Museum and its managers found answers to the needs and challenges of the organization that were, like the times they were living in, convulse and uncertain.</subfield>
   </datafield>
   <datafield tag="653" ind2=" " ind1=" ">
      <subfield code="a">Museologia</subfield>
   </datafield>
   <datafield tag="653" ind2=" " ind1=" ">
      <subfield code="a">Folklore</subfield>
   </datafield>
   <datafield tag="653" ind2=" " ind1=" ">
      <subfield code="a">Etnografia</subfield>
   </datafield>
   <datafield tag="653" ind2=" " ind1=" ">
      <subfield code="a">Museum techniques</subfield>
   </datafield>
   <datafield tag="653" ind2=" " ind1=" ">
      <subfield code="a">Folklore</subfield>
   </datafield>
   <datafield tag="653" ind2=" " ind1=" ">
      <subfield code="a">Ethnography</subfield>
   </datafield>
   <datafield tag="653" ind2=" " ind1=" ">
      <subfield code="a">Museu Etnogràfic de Ripoll</subfield>
   </datafield>
   <datafield ind2="0" ind1="0" tag="245">
      <subfield code="a">Del folklore literari a l'etnografia: orígens i continuïtats del Museu Etnogràfic de Ripoll</subfield>
   </datafield>
</record></metadata></record></GetRecord></OAI-PMH>